000 00920cam a2200241 4500
001 WB4031-04
008 040812n2004 000 0 eng u
035 _a(Sirsi) u127059
245 _aRecord-breaking £6bn
260 _c2004
490 _aEstates Gazette
_v(0432) 7 August 2004, 23(1)
520 _aCity investment agents predict that the annual total spend in 2004 could reach £6bn, smashing all records. FPDSavills claims the total has already reached £2.85bn on completed or exchanged deals with a further £1.25bn of City property under offer. The previous best annual total was nearly £5.9bn in 2000. Graph.
590 _aWB
590 _aWB
650 _aINVESTMENT ANALYSIS
650 _aINVESTMENT MARKET
650 _aCITY OF LONDON
650 _aINVESTORS
650 _aFORECASTING
650 _aPROPERTY-COMMERCIAL PROPERTY
690 _aCOMMERCIAL PROPERTY-INVESTMENT
942 _n0
999 _c117847
_d117847